| 000 | 00929nam a2200241 a 4500 | ||
|---|---|---|---|
| 001 | BRL_1203 | ||
| 005 | 20190320211100.0 | ||
| 008 | 281113s194u----sw-ab#####---#000-0#ger-# | ||
| 041 | _ager | ||
| 044 | _asw | ||
| 050 | 4 |
_aCB53 _b.D87 1940 |
|
| 100 | 1 |
_aDurant, Will _d1885-1981 _926105 |
|
| 245 | 1 | 0 |
_aDie Geschichte der Zivilisation _cvon Will Durant. |
| 260 |
_aBern _bA. Francke Ag. _c[194-] |
||
| 300 |
_a1098 p. _bil., mapas _c24 cm. |
||
| 500 | _aAu1400 | ||
| 500 | _aTraducción de: The story of civilization : I. Our Oriental Heritage | ||
| 500 | _aLa bibloteca cuenta solo con el v.1 | ||
| 505 | 0 | _aContenido: v.1 Das vermächtnis des Ostens : Ägypten und der Vordere Orient bis zum Tode Alexanders Indien, China und Japan von den Anfängen bis in die Gegenwart ; Mit einer Einleitung über Charakter und Ursprung der Zivilisation | |
| 650 | 1 | 4 |
_aCivilización _xHistoria _99808 |
| 902 | _aGRL | ||
| 942 |
_2lcc _cB |
||
| 999 |
_c10015 _d10015 |
||